[Event "OHRA tournament"]
[Site "Brussels"]
[Date "1985.12.??"]
[Round "7"]
[White "Iclicki, Willy"]
[Black "Jadoul, Michel"]
[Result "0-1"]
[WhiteElo "2225"]
[BlackElo "2385"]
[EventDate "1985.12.15"]
[Source "T. Waterschoot & M. Geenen, Tournoi international d'échecs OHRA Bruxelles 1985, Marchand 1986"]
[BlackTitle "FM"]

1. d4 g6 2. c4 Bg7 3. Nc3 d6 4. e4 Nc6 5. d5 Ne5 6. h3 c6 7. Be3 Qa5 8. Rc1 Nf6
9. Qd2 O-O 10. Be2 b5 11. cxb5 cxb5 12. a3 b4 13. Na2 Nxe4 14. Qxb4 Qxd5 15. Nc3
Nxc3 0-1

[Event "OHRA tournament"]
[Site "Brussels"]
[Date "1985.12.??"]
[Round "7"]
[White "Speelman, Jonathan Simon"]
[Black "Pergericht, Daniel"]
[Result "1-0"]
[WhiteElo "2530"]
[BlackElo "2230"]
[EventDate "1985.12.15"]
[Source "T. Waterschoot & M. Geenen, Tournoi international d'échecs OHRA Bruxelles 1985, Marchand 1986"]
[WhiteTitle "GM"]

1. c4 e6 2. Nf3 d5 3. d4 c5 4. cxd5 exd5 5. Bg5 Be7 6. Bxe7 Nxe7 7. dxc5 Nbc6
8. e3 Qa5+ 9. Nbd2 Qxc5 10. Bd3 Bg4 11. O-O Qb4 12. Qc2 Rc8 13. a3 Qb6 14. Qa4
Bxf3 15. Nxf3 Qxb2 16. Rab1 Qc3 17. Rb3 Qa5 18. Qg4 Kf8 19. Rxb7 Qxa3 20. Bb5 h5
21. Qf4 Nd8 22. Ng5 Rh6 23. Rd7 Kg8 24. Qe5 Ne6 25. Nxe6 fxe6 26. Ra1 Qc5 27. h3
a6 28. Rxa6 Qxb5 29. Rxe7 Rg6 30. Rxg7+ Rxg7 31. Qxe6+ Kh7 32. Qf5+ 1-0

[Event "OHRA tournament"]
[Site "Brussels"]
[Date "1985.12.??"]
[Round "7"]
[White "Korchnoi, Viktor Lvovich"]
[Black "Sax, Gyula"]
[Result "1/2-1/2"]
[WhiteElo "2630"]
[BlackElo "2535"]
[EventDate "1985.12.15"]
[Source "T. Waterschoot & M. Geenen, Tournoi international d'échecs OHRA Bruxelles 1985, Marchand 1986"]
[BlackTitle "GM"]
[WhiteTitle "GM"]

1. Nf3 Nf6 2. c4 c5 3. Nc3 Nc6 4. d4 cxd4 5. Nxd4 Qb6 6. e3 e6 7. Be2 d5 8. O-O
Be7 9. cxd5 Nxd5 10. Na4 Qc7 11. e4 Nxd4 12. Qxd4 Bf6 13. Bb5+ Bd7 14. Qc5 b6
15. Bxd7+ Qxd7 16. Qa3 Nc7 17. Bf4 Nb5 18. Qg3 O-O 19. Rad1 Nd4 20. Nc3 Qc6
21. Be5 1/2-1/2

[Event "OHRA tournament"]
[Site "Brussels"]
[Date "1985.12.??"]
[Round "7"]
[White "García Palermo, Carlos"]
[Black "Spassky, Boris Vasilievich"]
[Result "1/2-1/2"]
[WhiteElo "2515"]
[BlackElo "2590"]
[EventDate "1985.12.15"]
[Source "T. Waterschoot & M. Geenen, Tournoi international d'échecs OHRA Bruxelles 1985, Marchand 1986"]
[BlackTitle "GM"]
[WhiteTitle "GM"]

1. d4 Nf6 2. Nf3 e6 3. c4 b6 4. Nc3 Bb7 5. g3 Bb4 6. Bd2 Bxc3 7. Bxc3 Ne4
8. Qd3 O-O 9. Bg2 d5 10. Nd2 f5 11. Qe3 Nd7 12. f3 Nxd2 13. Qxe6+ Rf7 14. Bxd2
Qf8 15. Qe3 dxc4 16. Qa3 Qxa3 17. bxa3 c5 18. Bc3 cxd4 19. Bxd4 Rc8 20. Rc1 b5
21. Kf2 Nc5 22. Rhd1 h6 23. h4 a6 24. h5 Na4 25. Bh3 Re8 26. Rc2 Bc8 27. Ba1 Rc7
28. Rd5 f4 29. Bxc8 fxg3+ 30. Kxg3 Rexc8 31. Bd4 Nc5 32. Kf2 Ne6 33. Be3 Kf7
34. Rc1 c3 35. Rg1 c2 36. Bc1 Rc5 37. Rd7+ Ke8 38. Ra7 Rxh5 39. Rxa6 Kf7
40. Ra7+ Rc7 41. Rxc7+ Nxc7 42. Ke3 Ne6 43. Bb2 Rc5 44. Kd2 g5 45. e3 h5 46. Bc3
h4 47. Kxc2 Rf5 48. f4 gxf4 49. exf4 Rxf4 50. Rh1 Nd4+ 51. Bxd4 Rxd4 52. Kc3 Rg4
53. Kd3 Kg6 54. Ke3 Kh5 55. Kf2 Rf4+ 56. Kg2 Kg4 57. Rb1 h3+ 58. Kh1 1/2-1/2

[Event "OHRA tournament"]
[Site "Brussels"]
[Date "1985.12.??"]
[Round "8"]
[White "Kouatly, Bachar"]
[Black "Korchnoi, Viktor Lvovich"]
[Result "0-1"]
[WhiteElo "2470"]
[BlackElo "2630"]
[EventDate "1985.12.15"]
[Source "T. Waterschoot & M. Geenen, Tournoi international d'échecs OHRA Bruxelles 1985, Marchand 1986"]
[BlackTitle "GM"]
[WhiteTitle "IM"]

1. d4 Nf6 2. c4 g6 3. Nc3 d5 4. cxd5 Nxd5 5. Nf3 Bg7 6. Bd2 O-O 7. Rc1 Bg4
8. e3 Nb6 9. h3 Bxf3 10. Qxf3 c6 11. Ne4 N8d7 12. h4 e5 13. h5 exd4 14. hxg6
fxg6 15. Qh3 h6 16. exd4 Re8 17. Qb3+ Nd5 18. f3 Qb6 19. Bxh6 Qxb3 20. axb3 Bxd4
21. Rc2 Nc5 22. Rh4 Bf6 23. Rg4 Kh7 24. Bd2 Nxb3 25. Bc4 Nxd2 26. Rxd2 Rad8
27. Kf2 Be7 28. Ng5+ Bxg5 29. Rxg5 Kh6 30. Rg3 Nf4 31. Rc2 Re7 32. Rg4 g5 33. g3
Ng6 34. Bf1 Rf8 35. Be2 Rf5 36. Rc1 Kg7 37. Rc2 Rd7 38. Ra4 a6 39. Re4 Kf6
40. Rec4 Rfd5 41. Ke3 Ne7 42. Kf2 Nf5 43. Rb4 Nd4 44. Rd2 b5 0-1

[Event "OHRA tournament"]
[Site "Brussels"]
[Date "1985.12.??"]
[Round "8"]
[White "Sax, Gyula"]
[Black "García Palermo, Carlos"]
[Result "1/2-1/2"]
[WhiteElo "2535"]
[BlackElo "2515"]
[EventDate "1985.12.15"]
[Source "T. Waterschoot & M. Geenen, Tournoi international d'échecs OHRA Bruxelles 1985, Marchand 1986"]
[BlackTitle "GM"]
[WhiteTitle "GM"]

1. e4 c6 2. d4 d5 3. Nd2 dxe4 4. Nxe4 Bf5 5. Ng3 Bg6 6. h4 h6 7. f4 e6 8. Nf3
Nf6 9. h5 Bh7 10. Bd3 Bb4+ 11. c3 Bxd3 12. Qxd3 Bd6 13. Ne5 O-O 14. Ne4 Nxe4
15. Qxe4 f5 16. Qe2 Nd7 17. Nxd7 Qxd7 18. Bd2 b5 19. O-O-O Bc7 20. Rhg1 Rf6
21. Rde1 1/2-1/2

[Event "OHRA tournament"]
[Site "Brussels"]
[Date "1985.12.??"]
[Round "8"]
[White "Jadoul, Michel"]
[Black "Hodgson, Julian Michael"]
[Result "0-1"]
[WhiteElo "2385"]
[BlackElo "2445"]
[EventDate "1985.12.15"]
[Source "T. Waterschoot & M. Geenen, Tournoi international d'échecs OHRA Bruxelles 1985, Marchand 1986"]
[BlackTitle "IM"]
[WhiteTitle "FM"]

1. c4 e5 2. Nc3 Bb4 3. Nf3 Bxc3 4. dxc3 Nc6 5. e4 Nge7 6. c5 b6 7. cxb6 axb6
8. b4 d6 9. Bc4 h6 10. Qb3 O-O 11. Nh4 Bd7 12. g4 b5 13. Bxb5 Nd4 14. cxd4 Bxb5
15. g5 Nc6 16. Nf5 Nxd4 17. Nxd4 exd4 18. Qd5 c6 19. Qxd4 hxg5 20. h4 gxh4
21. f3 f5 22. Bb2 Rf7 23. O-O-O Rxa2 24. e5 Qg5+ 25. Kb1 Rxb2+ 26. Qxb2 Qe3
27. Qd4 Qb3+ 28. Kc1 Qa3+ 29. Qb2 Qe3+ 30. Rd2 dxe5 31. Rd1 Ra7 32. Kb1 Ra3
33. Rd8+ Kh7 34. Qc2 Qb3+ 35. Qxb3 Rxb3+ 36. Kc2 Rxf3 37. R1d7 h3 38. Re7 c5
39. Rxe5 h2 0-1

[Event "OHRA tournament"]
[Site "Brussels"]
[Date "1985.12.??"]
[Round "9"]
[White "Korchnoi, Viktor Lvovich"]
[Black "Pergericht, Daniel"]
[Result "1-0"]
[WhiteElo "2630"]
[BlackElo "2230"]
[EventDate "1985.12.15"]
[Source "T. Waterschoot & M. Geenen, Tournoi international d'échecs OHRA Bruxelles 1985, Marchand 1986"]
[WhiteTitle "GM"]

1. Nf3 d5 2. g3 Nf6 3. Bg2 c6 4. O-O Bg4 5. h3 Bh5 6. d3 e6 7. Qe1 Na6 8. e4
dxe4 9. dxe4 Bb4 10. Qe2 Qb6 11. a3 Be7 12. Nc3 O-O 13. g4 Bg6 14. Ne5 Qc7
15. Bf4 Qc8 16. Bg3 Nd7 17. Nxg6 hxg6 18. e5 Rd8 19. Ne4 Nf8 20. b4 Nc7 21. c4
a5 22. Nd6 Qb8 23. b5 cxb5 24. Nxb7 Rd4 25. Nd6 bxc4 26. Rfb1 Qd8 27. Qb2 Rd3
28. Bxa8 Rb3 29. Qc2 Qxa8 30. Rxb3 1-0

[Event "OHRA tournament"]
[Site "Brussels"]
[Date "1985.12.??"]
[Round "9"]
[White "Iclicki, Willy"]
[Black "Sax, Gyula"]
[Result "0-1"]
[WhiteElo "2225"]
[BlackElo "2535"]
[EventDate "1985.12.15"]
[Source "T. Waterschoot & M. Geenen, Tournoi international d'échecs OHRA Bruxelles 1985, Marchand 1986"]
[BlackTitle "GM"]

1. d4 Nf6 2. c4 e6 3. Nc3 Bb4 4. g3 c5 5. Nf3 cxd4 6. Nxd4 O-O 7. Bg2 d5 8. Qb3
Bxc3+ 9. bxc3 dxc4 10. Qxc4 e5 11. Nf3 Nc6 12. O-O Be6 13. Qa4 h6 14. Ba3 Re8
15. Rfd1 Qc8 16. Bd6 Nd5 17. Qc2 e4 18. Nd4 Nxd4 19. Rxd4 Qxc3 20. Qxc3 Nxc3
21. Rb4 Nxe2+ 22. Kf1 Nc3 23. Rxb7 a5 24. a3 Rad8 25. Bf4 a4 26. Rb4 Bb3 27. g4
Nd5 0-1

[Event "OHRA tournament"]
[Site "Brussels"]
[Date "1985.12.??"]
[Round "9"]
[White "García Palermo, Carlos"]
[Black "Kouatly, Bachar"]
[Result "0-1"]
[WhiteElo "2515"]
[BlackElo "2470"]
[EventDate "1985.12.15"]
[Source "T. Waterschoot & M. Geenen, Tournoi international d'échecs OHRA Bruxelles 1985, Marchand 1986"]
[BlackTitle "IM"]
[WhiteTitle "GM"]

1. d4 Nf6 2. Nf3 g6 3. c4 Bg7 4. b4 d5 5. cxd5 Nxd5 6. a3 Nb6 7. e3 O-O 8. Be2
c6 9. Nbd2 a5 10. bxa5 Rxa5 11. O-O N8d7 12. Nb3 Ra8 13. Qc2 e5 14. Bb2 Na4
15. Nxe5 Nxe5 16. dxe5 Nxb2 17. Qxb2 Qb6 18. Bc4 Ra4 19. Rfc1 Re8 20. Qa2 Re7
21. e6 Bxe6 22. Bxe6 Bxa1 23. Qxa1 fxe6 24. Nc5 Ra8 25. Qf6 Qd8 26. h4 Qf8
27. Qe5 Qf5 28. Qb2 Rf8 29. Rc4 b6 30. Ne4 b5 31. Rb4 c5 32. Ng3 Qxf2+ 33. Qxf2
Rxf2 34. Rxb5 Rc2 35. Ne4 c4 36. Rb8+ Kg7 0-1

[Event "OHRA tournament"]
[Site "Brussels"]
[Date "1985.12.??"]
[Round "10"]
[White "Sax, Gyula"]
[Black "Hodgson, Julian Michael"]
[Result "1/2-1/2"]
[WhiteElo "2535"]
[BlackElo "2445"]
[EventDate "1985.12.15"]
[Source "T. Waterschoot & M. Geenen, Tournoi international d'échecs OHRA Bruxelles 1985, Marchand 1986"]
[BlackTitle "IM"]
[WhiteTitle "GM"]

1. e4 e6 2. d4 d5 3. Nc3 Bb4 4. e5 b6 5. Qg4 Bf8 6. Bg5 Qd7 7. Nf3 Nc6 8. Bb5
h6 9. Be3 Nge7 10. O-O Bb7 11. Qh5 a6 12. Be2 Nf5 13. g4 Nfe7 14. a3 g6 15. Qh3
Bg7 16. Qg3 Na5 17. b3 O-O-O 18. Na2 Kb8 19. Bd2 Nec6 20. Nb4 Ka7 21. Nd3 f5
22. exf6 Bxf6 23. Bxa5 Nxa5 24. Nfe5 Qg7 25. f4 g5 26. fxg5 1/2-1/2

[Event "OHRA tournament"]
[Site "Brussels"]
[Date "1985.12.??"]
[Round "10"]
[White "van der Wiel, John"]
[Black "Jadoul, Michel"]
[Result "1-0"]
[WhiteElo "2520"]
[BlackElo "2385"]
[EventDate "1985.12.15"]
[Source "T. Waterschoot & M. Geenen, Tournoi international d'échecs OHRA Bruxelles 1985, Marchand 1986"]
[BlackTitle "FM"]
[WhiteTitle "GM"]

1. e4 c5 2. Nf3 g6 3. d4 Bg7 4. d5 Nf6 5. Nc3 O-O 6. e5 Ng4 7. Bf4 d6 8. exd6
exd6 9. Be2 Qb6 10. Rb1 Nd7 11. O-O a6 12. Qd2 Nde5 13. Nxe5 Nxe5 14. Bh6 Bxh6
15. Qxh6 f5 16. f4 Nd7 17. h4 Nf6 18. h5 Kf7 19. Nd1 Bd7 20. Nf2 Rae8 21. Bf3 c4
22. Kh2 Rg8 23. Nh3 Rg7 24. Qg5 Re3 25. Kh1 Rg8 26. Qh4 h6 27. b3 c3 28. hxg6+
Kxg6 29. Nf2 Qd8 30. Nd1 Re7 31. Nxc3 Qc7 32. Rbe1 Rxe1 33. Qxe1 Re8 34. Qg3+
Kh7 35. Bd1 b5 36. Rf3 b4 37. Qh4 bxc3 38. Qxf6 Re1+ 39. Kh2 Be8 40. Rxc3 Qa7
41. Bf3 1-0

[Event "OHRA tournament"]
[Site "Brussels"]
[Date "1985.12.??"]
[Round "10"]
[White "Kouatly, Bachar"]
[Black "Iclicki, Willy"]
[Result "1-0"]
[WhiteElo "2470"]
[BlackElo "2225"]
[EventDate "1985.12.15"]
[Source "T. Waterschoot & M. Geenen, Tournoi international d'échecs OHRA Bruxelles 1985, Marchand 1986"]
[WhiteTitle "IM"]

1. d4 d5 2. c4 c6 3. Nf3 Nf6 4. Qc2 g6 5. Bf4 Qa5+ 6. Nfd2 dxc4 7. Qxc4 Be6
8. Qc1 Na6 9. Nc3 Bg7 10. Be5 O-O 11. e3 Nd7 12. Bg3 Rac8 13. a3 Qd8 14. Bxa6
bxa6 15. O-O f5 16. Rd1 Qe8 17. Qc2 g5 18. f4 g4 19. Qa4 Qf7 20. Qxa6 Rb8
21. Rab1 Rb6 22. Qxa7 Rfb8 23. b4 Qe8 24. Qa4 Ra8 25. Qc2 Rxa3 26. b5 cxb5
27. Nxb5 Ra2 28. Qd3 Qg6 29. d5 Bf7 30. Qc4 Ra5 31. Qc8+ Nf8 32. Qc4 Rba6
33. Nb3 Ra2 34. Nc5 Ra8 35. Nc7 R8a7 36. N7e6 Qf6 37. Be1 Bxe6 38. Nxe6 Qf7
39. Ng5 Qe8 40. Bb4 h6 41. d6+ 1-0

[Event "OHRA tournament"]
[Site "Brussels"]
[Date "1985.12.??"]
[Round "10"]
[White "Pergericht, Daniel"]
[Black "García Palermo, Carlos"]
[Result "0-1"]
[WhiteElo "2230"]
[BlackElo "2515"]
[EventDate "1985.12.15"]
[Source "T. Waterschoot & M. Geenen, Tournoi international d'échecs OHRA Bruxelles 1985, Marchand 1986"]
[BlackTitle "GM"]

1. d4 d5 2. c4 dxc4 3. Nf3 c5 4. e3 e6 5. Bxc4 a6 6. O-O Nf6 7. Qe2 b5 8. Bd3
cxd4 9. exd4 Nc6 10. a4 bxa4 11. Rxa4 Nb4 12. Bb5+ Bd7 13. Bxd7+ Qxd7 14. Nc3
Be7 15. Bg5 Qb7 16. Bxf6 Bxf6 17. Ne4 Be7 18. Nc5 Bxc5 19. dxc5 O-O 20. Ne5 Rfc8
21. Qc4 Nd5 22. Qc2 Qb5 23. Nd3 Rab8 24. Rfa1 Qb3 25. Qd2 Nc7 26. R4a3 Qd5
27. Qc2 e5 28. Ra4 Ne6 29. Qc4 Rd8 30. Qxd5 Rxd5 31. Nb4 Rd2 32. Nc6 Nxc5
33. Rc4 Rbxb2 34. Rxc5 Rxf2 35. Nxe5 Rxg2+ 36. Kf1 g6 37. h3 Rbf2+ 38. Ke1 Rf5
39. Rxa6 Rg3 40. Ra8+ Kg7 41. Nd7 Rf4 42. Re5 Rxh3 43. Ra7 Rh2 44. Nc5 Rc4
45. Nd3 Rcc2 0-1

[Event "OHRA tournament"]
[Site "Brussels"]
[Date "1985.12.??"]
[Round "11"]
[White "Hodgson, Julian Michael"]
[Black "Kouatly, Bachar"]
[Result "1/2-1/2"]
[WhiteElo "2445"]
[BlackElo "2470"]
[EventDate "1985.12.15"]
[Source "T. Waterschoot & M. Geenen, Tournoi international d'échecs OHRA Bruxelles 1985, Marchand 1986"]
[BlackTitle "IM"]
[WhiteTitle "IM"]

1. d4 Nf6 2. Bg5 c5 3. Bxf6 gxf6 4. d5 f5 5. Nd2 Bg7 6. c3 d6 7. e3 Nd7 8. Ne2
Nf6 9. Nf4 O-O 10. g3 e5 11. dxe6 fxe6 12. Bg2 d5 13. O-O e5 14. Nh5 Nxh5
15. Qxh5 Be6 16. Rad1 Qe7 17. Nf3 Bf6 18. h4 Rad8 19. Rd2 Qg7 1/2-1/2

[Event "OHRA tournament"]
[Site "Brussels"]
[Date "1985.12.??"]
[Round "11"]
[White "Iclicki, Willy"]
[Black "Pergericht, Daniel"]
[Result "1/2-1/2"]
[WhiteElo "2225"]
[BlackElo "2230"]
[EventDate "1985.12.15"]
[Source "T. Waterschoot & M. Geenen, Tournoi international d'échecs OHRA Bruxelles 1985, Marchand 1986"]

1. d4 d5 2. Nf3 c5 3. c4 e6 4. cxd5 exd5 5. Bg5 Be7 6. Bxe7 Nxe7 7. dxc5 Nbc6
8. e3 Qa5+ 9. Nbd2 Qxc5 10. Bd3 Bf5 11. Bxf5 Nxf5 12. O-O 1/2-1/2

[Event "OHRA tournament"]
[Site "Brussels"]
[Date "1985.12.??"]
[Round "11"]
[White "García Palermo, Carlos"]
[Black "Grünfeld, Yehuda"]
[Result "0-1"]
[WhiteElo "2515"]
[BlackElo "2475"]
[EventDate "1985.12.15"]
[Source "T. Waterschoot & M. Geenen, Tournoi international d'échecs OHRA Bruxelles 1985, Marchand 1986"]
[BlackTitle "GM"]
[WhiteTitle "GM"]

1. Nf3 Nf6 2. c4 e6 3. g3 d5 4. Bg2 Be7 5. O-O O-O 6. d4 dxc4 7. Qc2 a6 8. a4
Bd7 9. Bg5 Bc6 10. a5 Bb5 11. Nbd2 Nc6 12. Nxc4 Nxd4 13. Nxd4 Qxd4 14. b3 Rad8
15. h3 c6 16. Be3 Qd7 17. Bb6 Ra8 18. Rfd1 Qe8 19. Nd6 Qb8 20. Nxb5 axb5 21. e4
Rc8 22. f4 Bd8 23. Qc5 Bxb6 24. axb6 Rxa1 25. Rxa1 e5 26. Ra7 Re8 27. f5 h6
28. g4 Nd7 29. Qe3 Rd8 30. b4 Qd6 31. Rxb7 Rb8 32. Ra7 Nxb6 33. g5 Nc4 34. Qg3
Qd4+ 35. Qf2 Ne3 36. Rc7 Ra8 37. g6 fxg6 38. fxg6 Ra1+ 39. Kh2 Ng4+ 0-1

[Event "OHRA tournament"]
[Site "Brussels"]
[Date "1985.12.??"]
[Round "12"]
[White "Sax, Gyula"]
[Black "Jadoul, Michel"]
[Result "1-0"]
[WhiteElo "2535"]
[BlackElo "2385"]
[EventDate "1985.12.15"]
[Source "T. Waterschoot & M. Geenen, Tournoi international d'échecs OHRA Bruxelles 1985, Marchand 1986"]
[BlackTitle "IM"]
[WhiteTitle "FM"]

1. e4 c5 2. Nf3 g6 3. d4 Bg7 4. dxc5 Qa5+ 5. c3 Qxc5 6. Be3 Qc7 7. Bd4 Nf6
8. e5 Ng4 9. e6 f6 10. h3 Nh6 11. Na3 Nc6 12. Nb5 Qd8 13. Qb3 dxe6 14. O-O-O Bd7
15. Nxa7 Nxd4 16. Nxd4 Nf7 17. Nxe6 Bh6+ 18. Kc2 Bxe6 19. Qxe6 Qa5 20. Bb5+ Kf8
21. Rd7 1-0

[Event "OHRA tournament"]
[Site "Brussels"]
[Date "1985.12.??"]
[Round "12"]
[White "Speelman, Jonathan Simon"]
[Black "García Palermo, Carlos"]
[Result "1/2-1/2"]
[WhiteElo "2530"]
[BlackElo "2515"]
[EventDate "1985.12.15"]
[Source "T. Waterschoot & M. Geenen, Tournoi international d'échecs OHRA Bruxelles 1985, Marchand 1986"]
[BlackTitle "GM"]
[WhiteTitle "GM"]

1. d4 d5 2. c4 dxc4 3. e4 c5 4. d5 Nf6 5. Nc3 e6 6. Bxc4 exd5 7. Nxd5 Nxd5
8. Bxd5 Nc6 9. Nf3 Be7 10. a3 O-O 11. O-O Bg4 12. h3 Bxf3 13. Qxf3 Bf6 14. Be3
Bd4 15. Rfd1 Qb6 16. Rab1 a5 17. Bxc6 1/2-1/2

[Event "OHRA tournament"]
[Site "Brussels"]
[Date "1985.12.??"]
[Round "12"]
[White "Grünfeld, Yehuda"]
[Black "Iclicki, Willy"]
[Result "1-0"]
[WhiteElo "2475"]
[BlackElo "2225"]
[EventDate "1985.12.15"]
[Source "ChessBase"]
[WhiteTitle "GM"]

1. Nf3 d5 2. g3 Nf6 3. Bg2 c6 4. O-O Bg4 5. c4 e6 6. b3 Bd6 7. Bb2 Nbd7 8. d4
Bxf3 9. exf3 O-O 10. f4 a5 11. Nc3 Bb4 12. Qc2 Re8 13. Rad1 Qe7 14. f5 exf5
15. cxd5 Bxc3 16. dxc6 Bb4 17. cxd7 Qxd7 18. a3 Rac8 19. Qd3 Bd6 20. Bh3 g6
21. Bg2 Ne4 22. Rfe1 Qc6 23. Re2 Qa6 24. Qxa6 bxa6 25. Bf1 Red8 26. Rde1 Kf8
27. f3 Ng5 28. Kg2 Ne6 29. Rd2 Nc7 30. Rc1 Nb5 31. Rc4 Nxa3 32. Rxc8 Rxc8
33. Bxa6 Rc2 34. Rxc2 Nxc2 35. Kf2 Nb4 36. Bc4 Ke7 37. f4 f6 38. Ke2 g5 39. Bc1
gxf4 40. gxf4 {According to T. Waterschoot & M. Geenen, Tournoi international d'échecs OHRA Bruxelles 1985, Marchand 1986, black lost on time.} 1-0

[Event "OHRA tournament"]
[Site "Brussels"]
[Date "1985.12.??"]
[Round "12"]
[White "Pergericht, Daniel"]
[Black "Hodgson, Julian Michael"]
[Result "1/2-1/2"]
[WhiteElo "2230"]
[BlackElo "2445"]
[EventDate "1985.15.12"]
[Source "T. Waterschoot & M. Geenen, Tournoi international d'échecs OHRA Bruxelles 1985, Marchand 1986"]
[BlackTitle "IM"]

1. d4 Nf6 2. c4 c5 3. d5 b5 4. a4 bxc4 5. Nc3 d6 6. e4 g6 7. Bxc4 Bg7 8. f4 O-O
9. Nf3 Ba6 10. Bb5 Bxb5 11. axb5 Nbd7 12. O-O Ne8 13. Qe1 Nc7 14. f5 Nf6 15. Qh4
Qd7 16. Bh6 Rfb8 17. Bxg7 Kxg7 18. e5 dxe5 19. Nxe5 Qd6 20. Nc4 Qd8 21. fxg6
hxg6 22. Ne5 Nce8 23. Nc6 Qd7 24. Rae1 Rb7 25. Rxe7 Qxe7 26. Nxe7 Rxe7 27. Rf3
Re5 28. g4 Rd8 29. Qf2 Rd7 30. Qxc5 Nxg4 31. Qd4 f6 32. Qxg4 Rg5 33. Qxg5 fxg5
34. Rg3 Nd6 35. Rxg5 Rb7 36. Rg2 Nxb5 37. Nxb5 Rxb5 38. Rd2 Kf7 39. Kf2 Rb3
40. Ke2 Ke7 41. Kd1 Kd6 42. Kc2 Rh3 1/2-1/2

[Event "OHRA tournament"]
[Site "Brussels"]
[Date "1985.12.??"]
[Round "13"]
[White "Spassky, Boris Vasilievich"]
[Black "Sax, Gyula"]
[Result "1/2-1/2"]
[WhiteElo "2590"]
[BlackElo "2535"]
[EventDate "1985.12.15"]
[Source "T. Waterschoot & M. Geenen, Tournoi international d'échecs OHRA Bruxelles 1985, Marchand 1986"]
[BlackTitle "GM"]
[WhiteTitle "GM"]

1. e4 e5 2. Nf3 Nc6 3. Nc3 Nf6 4. Bb5 d6 5. d4 exd4 6. Nxd4 Bd7 7. O-O Be7
8. Bxc6 bxc6 9. Qf3 O-O 10. e5 dxe5 11. Nxc6 Bxc6 12. Qxc6 1/2-1/2

[Event "OHRA tournament"]
[Site "Brussels"]
[Date "1985.12.??"]
[Round "13"]
[White "Hodgson, Julian Michael"]
[Black "Grünfeld, Yehuda"]
[Result "1/2-1/2"]
[WhiteElo "2445"]
[BlackElo "2475"]
[EventDate "1985.12.15"]
[Source "T. Waterschoot & M. Geenen, Tournoi international d'échecs OHRA Bruxelles 1985, Marchand 1986"]
[BlackTitle "GM"]
[WhiteTitle "IM"]

1. e4 c5 2. Nc3 e6 3. f4 d5 4. Nf3 dxe4 5. Nxe4 Be7 6. g3 Nf6 7. Nf2 Nc6 8. Bg2
O-O 9. O-O Qc7 10. b3 b6 11. Bb2 Bb7 12. c4 Rad8 13. Qe2 1/2-1/2

[Event "OHRA tournament"]
[Site "Brussels"]
[Date "1985.12.??"]
[Round "13"]
[White "Iclicki, Willy"]
[Black "Speelman, Jonathan Simon"]
[Result "0-1"]
[WhiteElo "2225"]
[BlackElo "2530"]
[EventDate "1985.12.15"]
[Source "T. Waterschoot & M. Geenen, Tournoi international d'échecs OHRA Bruxelles 1985, Marchand 1986"]
[BlackTitle "GM"]

1. d4 Nf6 2. Nf3 e6 3. c4 a6 4. g3 b5 5. Bg2 Bb7 6. b3 c5 7. O-O bxc4 8. bxc4
cxd4 9. Qxd4 Nc6 10. Qf4 Be7 11. Ne5 Qc8 12. Nd2 Nxe5 13. Bxb7 Qxb7 14. Qxe5 O-O
15. Rb1 Qc6 16. Bb2 Rfc8 17. Rfc1 Qa4 18. c5 Qxa2 19. Ne4 Rab8 20. g4 Rb4 21. f3
Rcb8 22. Nc3 Qc4 23. Ba3 Qxc5+ 24. Qxc5 Bxc5+ 25. Kg2 Rxb1 26. Nxb1 Be3 27. Rc7
Nd5 28. Rc4 Nf4+ 0-1

[Event "OHRA tournament"]
[Site "Brussels"]
[Date "1985.12.??"]
[Round "13"]
[White "Polgár, Zsuzsa"]
[Black "Pergericht, Daniel"]
[Result "1-0"]
[WhiteElo "2430"]
[BlackElo "2230"]
[EventDate "1985.12.15"]
[Source "T. Waterschoot & M. Geenen, Tournoi international d'échecs OHRA Bruxelles 1985, Marchand 1986"]
[WhiteTitle "WIM"]

1. Nf3 d5 2. g3 Nf6 3. Bg2 c6 4. O-O Bg4 5. b3 e6 6. Bb2 Nbd7 7. c4 Bd6 8. d4
O-O 9. Nbd2 Qb8 10. Re1 b5 11. Qc1 b4 12. c5 Bc7 13. e4 a5 14. e5 Ne8 15. h3 Bh5
16. a4 Bd8 17. Nh2 Nc7 18. f4 Be7 19. Nhf1 {My source does not specify which
knight moves to f1.} 19... Na6 20. Nf3 Naxc5 21. dxc5 Nxc5 22. Qe3 Bxf3 23. Bxf3
Nd7 24. Rac1 Qb7 25. g4 Rac8 26. Kh1 c5 27. f5 Qb6 28. f6 d4 29. Qg5 Nxf6
30. exf6 Bxf6 31. Qf4 Qd8 32. Qe4 Qd6 33. Rcd1 Rfd8 34. Qd3 g6 35. Bg2 Bh4
36. Re2 Re8 37. Nd2 Bd8 38. Nc4 Qf8 39. Bc1 Bc7 40. Rf1 1-0

[Event "OHRA tournament"]
[Site "Brussels"]
[Date "1985.12.??"]
[Round "13"]
[White "Jadoul, Michel"]
[Black "Kouatly, Bachar"]
[Result "1/2-1/2"]
[WhiteElo "2385"]
[BlackElo "2470"]
[EventDate "1985.12.15"]
[Source "T. Waterschoot & M. Geenen, Tournoi international d'échecs OHRA Bruxelles 1985, Marchand 1986"]
[BlackTitle "IM"]
[WhiteTitle "FM"]

1. e4 c5 2. Nf3 e6 3. d4 cxd4 4. Nxd4 Nf6 5. Nc3 Nc6 6. Nxc6 bxc6 7. Bd3 e5
8. O-O d6 9. Qe2 Be7 10. b3 O-O 11. Na4 Re8 12. Bb2 Be6 13. c4 1/2-1/2